| 000 | 00473nam a2200181Ia 4500 | ||
|---|---|---|---|
| 001 | 19068 | ||
| 005 | 20260306171717.0 | ||
| 008 | 260306s9999||||xx |||||||||||||| ||und|| | ||
| 041 | _aESP | ||
| 082 |
_a658.8 _bH66F |
||
| 100 |
_aHoffman, K. Douglas _eAUT |
||
| 245 | 0 |
_aFundamentos de marketing de servicios: _bconceptos, estrategias y casos |
|
| 260 | _c2002 | ||
| 300 |
_axxi, 569 páginas : _c24 cm. |
||
| 650 | _aGEN | ||
| 654 | _aCAN | ||
| 942 |
_cLIB _dJUS _fJUS _2ddc _n |
||
| 999 |
_c19068 _d19068 |
||